In vitro Etablierung und partielle Charakterisierung von zwei spontanen Hirntumoren des Hundes /

Bibliographic Details
Main Author: Müller, Brigitte, 1952-
Format: Book
Language:German
Published: München : [publisher not identified], 1978.
Series:Munich. Universität. Fachbereich Tiermedizin. Inaugural-Dissertation ; [1978, no. 81]

MARC

Tag First Indicator Second Indicator Subfields
LEADER 00000cam a2200000Ki 4500
001 in00004530291
005 20191205081652.0
008 800310s1978 gw a b 000 0 ger
035 |a (OCoLC)ocm06065785 
035 |a (OCoLC)6065785 
035 |z (UtOrBLW)61902 
035 |a 89029 
040 |a AGL  |b eng  |c AGL  |d OCLCQ  |d UtOrBLW 
041 0 |a ger  |b eng 
049 |a TMVM 
072 0 |a L840 
100 1 |a Müller, Brigitte,  |d 1952- 
242 0 0 |a In vitro establishing and partial characterization two spontaneous brain tumors of dog.  |y eng 
245 1 0 |a In vitro Etablierung und partielle Charakterisierung von zwei spontanen Hirntumoren des Hundes /  |c von Brigitte Müller. 
264 1 |a München :  |b [publisher not identified],  |c 1978. 
300 |a 64 pages :  |b illustrations 
336 |a text  |2 rdacontent  |b txt 
337 |a unmediated  |2 rdamedia 
338 |a volume  |2 rdacarrier  |b nc 
490 0 |a Munich. Universität. Fachbereich Tiermedizin. Inaugural-Dissertation ; [1978, no. 81] 
500 |a English summary. 
500 |a Includes vita. 
504 |a Includes bibliographical references (pages 53-64). 
999 |a MARS 
999 f f |s 4ba231e1-3b43-3a7a-a568-1c4b94e9d1bf  |i 55234532-4073-3978-b65c-bcdbc00900a8  |t 0 
952 f f |p preservation  |a Texas A&M University  |b J.J. Pickle Campus  |c High Density Repository  |d Remote Storage  |t 0  |e German dissertations  |h Other scheme  |i unmediated -- volume  |m 3238902443522 
998 f f |a German dissertations  |t 0  |l Remote Storage